Statistics for Guess the Animal by the Picture - A

Click here to take the quiz!

General Stats

  • This quiz has been taken 953 times
  • The average score is 8 of 16

Answer Stats

Answer% Correct
Alligator
90%
Armadillo
84%
Alpaca
78%
Antelope
72%
Arctic fox
63%
Anaconda
60%
Angel fish
55%
Axolotl
54%
Angler fish
51%
Anemone
46%
Albatross
44%
Asp
27%
Arabian
20%
Aphid
7%
Agouti
5%
Addax
3%

Score Distribution

Percentile by Number Answered

Percent of People with Each Score

Your Score History

You have not taken this quiz